LIBRARY ONLINE CATALOGUE

Indians in Africa : (Record no. 12618)

MARC details
000 -LEADER
fixed length control field 00610cam a22002052 4500
001 - CONTROL NUMBER
control field 0000001576
005 - DATE AND TIME OF LATEST TRANSACTION
control field 20151217155812.0
008 - FIXED-LENGTH DATA ELEMENTS--GENERAL INFORMATION
fixed length control field 070316s xx 000 0 eng d
040 ## - CATALOGING SOURCE
Original cataloging agency KABU
Transcribing agency KABU
050 #0 - LIBRARY OF CONGRESS CALL NUMBER
Classification number DT1768
Item number .E38C43
100 1# - MAIN ENTRY--PERSONAL NAME
Personal name Chattopadhyaya, Haraprasad.
-- 0000150433
245 10 - TITLE STATEMENT
Title Indians in Africa :
Remainder of title a socio-economic study.
260 ## - PUBLICATION, DISTRIBUTION, ETC. (IMPRINT)
Place of publication, distribution, etc. Calcutta :
Name of publisher, distributor, etc. Bookland Private,
Date of publication, distribution, etc. 1970.
300 ## - PHYSICAL DESCRIPTION
Extent xiv, 464 p.
600 10 - SUBJECT ADDED ENTRY--PERSONAL NAME
Personal name East Indians
Geographic subdivision South Africa.
-- 0000150434
651 #0 - SUBJECT ADDED ENTRY--GEOGRAPHIC NAME
Geographic name .
-- 0000185744
908 ## - PUT COMMAND PARAMETER (RLIN)
Put command parameter 070316
950 ## - LOCAL HOLDINGS (RLIN)
-- 1
Holdings
Withdrawn status Lost status Source of classification or shelving scheme Not for loan Home library Current library Date acquired Total Checkouts Full call number Barcode Date last seen Price effective from Koha item type
    Library of Congress Classification   Kabarak, Main Campus Kabarak, Main Campus 17/12/2015   DT1768 .E38C43 001835 17/12/2015 17/12/2015 Africana Collection